000 00687nam a2200193Ia 4500
008 151121s9999||||xx |||||||||||||| ||und||
082 _a813-/सराफ
082 _bHNW-68953
100 _aसराफ वसंत के।
245 _aअसे हेर अशी कारस्थाने
260 _b"व्हीनस प्रकाशन, पुणे।"
260 _c--
300 _a248
600 _aसराफ वसंत के।
630 _aअसे हेर अशी कारस्थाने
700 _aसराफ वसंत के।
730 _aअसे हेर अशी कारस्थाने
942 _cBOOK
999 _c1250446
_d1250443